| 000 | 00397cam a22001337a 4500 | ||
|---|---|---|---|
| 008 | 180718b1983 xxu||||| |||| 00| 0 eng d | ||
| 082 | _aT300 R252 | ||
| 100 | _aReekie, W. Duncan | ||
| 245 |
_aManagerial economics _cby W. Duncan Reekie and Jonathan N. Crook |
||
| 260 |
_aDelhi _bHeritage Publishers _c1983 |
||
| 300 | _axiv, 447p. | ||
| 650 | _aManagerial economics | ||
| 700 | _aCrook, Jonathan N. | ||
| 999 |
_c431705 _d431705 |
||